|
|
|
|
| LEADER |
02838nam a22006135i 4500 |
| 001 |
978-3-540-69429-8 |
| 003 |
DE-He213 |
| 005 |
20151204145956.0 |
| 007 |
cr nn 008mamaa |
| 008 |
100301s2006 gw | s |||| 0|eng d |
| 020 |
|
|
|a 9783540694298
|9 978-3-540-69429-8
|
| 024 |
7 |
|
|a 10.1007/978-3-540-69429-8
|2 doi
|
| 040 |
|
|
|d GrThAP
|
| 050 |
|
4 |
|a QA76.76.A65
|
| 072 |
|
7 |
|a UB
|2 bicssc
|
| 072 |
|
7 |
|a COM018000
|2 bisacsh
|
| 082 |
0 |
4 |
|a 004
|2 23
|
| 245 |
1 |
0 |
|a Advances in Multimedia Modeling
|h [electronic resource] :
|b 13th International Multimedia Modeling Conference, MMM 2007, Singapore, January 9-12, 2007. Proceedings, Part II /
|c edited by Tat-Jen Cham, Jianfei Cai, Chitra Dorai, Deepu Rajan, Tat-Seng Chua, Liang-Tien Chia.
|
| 264 |
|
1 |
|a Berlin, Heidelberg :
|b Springer Berlin Heidelberg,
|c 2006.
|
| 300 |
|
|
|a XVIII, 744 p.
|b online resource.
|
| 336 |
|
|
|a text
|b txt
|2 rdacontent
|
| 337 |
|
|
|a computer
|b c
|2 rdamedia
|
| 338 |
|
|
|a online resource
|b cr
|2 rdacarrier
|
| 347 |
|
|
|a text file
|b PDF
|2 rda
|
| 490 |
1 |
|
|a Lecture Notes in Computer Science,
|x 0302-9743 ;
|v 4352
|
| 505 |
0 |
|
|a Multimedia Signal Processing and Communications I -- Event Detection -- Multimedia over P2P -- Content II -- Applications II -- Computer Vision II -- Image Processing II -- Multimedia Signal Processing and Communications II -- Image Classification and Recognition -- Advanced Media Processing and Security -- Ubiquitous Multimedia Service (UMS) -- Services and the Assurance in Multimedia Mobile Information Systems (SAMM) -- Networked Mulitmedia Systems and Its Applications Focusing on Reliable and Flexible Delivery for Integrated Multimedia (NMS) -- Networked Graphics Appications (NGA).
|
| 650 |
|
0 |
|a Computer science.
|
| 650 |
|
0 |
|a Database management.
|
| 650 |
|
0 |
|a Multimedia information systems.
|
| 650 |
|
0 |
|a Computer graphics.
|
| 650 |
|
0 |
|a Image processing.
|
| 650 |
|
0 |
|a Application software.
|
| 650 |
|
0 |
|a Computer engineering.
|
| 650 |
1 |
4 |
|a Computer Science.
|
| 650 |
2 |
4 |
|a Computer Applications.
|
| 650 |
2 |
4 |
|a Computer Engineering.
|
| 650 |
2 |
4 |
|a Database Management.
|
| 650 |
2 |
4 |
|a Multimedia Information Systems.
|
| 650 |
2 |
4 |
|a Image Processing and Computer Vision.
|
| 650 |
2 |
4 |
|a Computer Graphics.
|
| 700 |
1 |
|
|a Cham, Tat-Jen.
|e editor.
|
| 700 |
1 |
|
|a Cai, Jianfei.
|e editor.
|
| 700 |
1 |
|
|a Dorai, Chitra.
|e editor.
|
| 700 |
1 |
|
|a Rajan, Deepu.
|e editor.
|
| 700 |
1 |
|
|a Chua, Tat-Seng.
|e editor.
|
| 700 |
1 |
|
|a Chia, Liang-Tien.
|e editor.
|
| 710 |
2 |
|
|a SpringerLink (Online service)
|
| 773 |
0 |
|
|t Springer eBooks
|
| 776 |
0 |
8 |
|i Printed edition:
|z 9783540694281
|
| 830 |
|
0 |
|a Lecture Notes in Computer Science,
|x 0302-9743 ;
|v 4352
|
| 856 |
4 |
0 |
|u http://dx.doi.org/10.1007/978-3-540-69429-8
|z Full Text via HEAL-Link
|
| 912 |
|
|
|a ZDB-2-SCS
|
| 912 |
|
|
|a ZDB-2-LNC
|
| 950 |
|
|
|a Computer Science (Springer-11645)
|